000 00920cam a22002535a 4500
001 E149445
008 100308s2010 xxko f 000 0 eng d
020 _a9781848061279
035 _a(Sirsi) u149445
041 0 _aeng
050 0 4 _a333.72 $2 18
110 1 _aBuilding Research Establishment
245 0 2 _aA guide to greenprint
_bunderstanding the benefits for sustainable masterplanning
260 _aWatford
_bBRE
_c2010
300 _a12p.
_bill.
_c30cm.
490 0 _aBRE Information Paper
_v(6/10)
520 _aIntroduces the BRE's 'GreenPrint' methodology, which provides a framework for design teams to ensure that their masterplans maximise the sustainability of new housing and mixed-use developments.
521 _aAdvanced
590 _aKA
651 4 _aUnited Kingdom
_y
690 _aPlanning and development
_96259
690 _aENVIRONMENTAL AND LAND CONSULTANCY-SUSTAINABILITY
942 _n0
999 _c110499
_d110499